Habit - Louis Tomlinson (All Lyrics) - Statistics

General Stats
  • This quiz has been taken 55 times
  • The average score is 259 of 298
Answer Stats
Answer % Correct
I
100%
that
100%
That
100%
you
100%
You
100%
break
97%
can’t
97%
habit
97%
me
97%
no
97%
so
97%
the
97%
always
95%
come
95%
Come
95%
your
95%
anymore
92%
eventually
92%
feeling
92%
from
92%
said
92%
You’re
92%
down
89%
in
89%
In
89%
need
89%
of
89%
Of
89%
to
89%
be
86%
It
86%
it
86%
know
86%
put
86%
shake
86%
told
86%
up
86%
But
84%
give
84%
mess
84%
right
84%
and
81%
And
81%
did
81%
I’d
81%
I’m
81%
surprise
81%
knew
78%
now
78%
what
78%
already
76%
as
76%
chance
76%
far
76%
heart
76%
miss
76%
out
76%
Park
76%
Princess
76%
shouldn’t
76%
another
73%
door
73%
expect
73%
front
73%
I’ll
73%
it's
73%
shiver
73%
would
70%
high
68%
truth
68%
you’d
68%
advance
65%
have
65%
Never
65%
some
65%
thought
65%
were
65%
addictive
62%
God
62%
hard
62%
missing
62%
stages
62%
time
62%
ya
62%
ages
59%
been
59%
Different
59%
don’t
57%
giving
57%
heard
57%
let
57%
mentally
57%
someone
57%
sorry
57%
honestly
54%
playing
54%
took
54%
was
54%
choose
51%
energy
51%
supposed
51%
ran
49%
control
46%
space
46%
with
46%
better
43%
guess
32%
cos
5%
No matching quizzes found
Score Distribution
Percent of People with Each Score
Percentile by Number Answered
Your Score History
You have not taken this quiz